000 00597nam a2200193 i 4500
001 116090
003 ES-MaACL
005 20251116063100.0
007 t|
008 061121s1977 sp r ||||1| spa d
100 1 _aOrtuño Medina, Francisco,
_d1919-1991
_987687
245 1 4 _aLos bosques españoles /
_cFrancisco Ortuño, Andrés Ceballos.
260 _aMadrid :
_bIncafo,
_c1977.
300 _a251 p., 13 lám. :
_bil. ;
_c31 cm.
650 4 _aBosques-
_zEspaña.
_910608
700 1 _aCeballos, Andrés.
_937271
852 _aES-MaACL
_jA-7981
_bR.97010
999 _c116090
_d116090